000 00586nam a22001697a 4500
999 _c14651
_d14651
003 AR-CdUCM
008 190424b ||||| |||| 00| 0 spa d
020 _a978-9972-59-437-3
040 _aMUNICIPALIDAD PROVINCIAL DEL CUSCO
_cBIBLIOTECA MUNICIPAL DEL CUSCO
082 _aPI / 803.08 /
_bY47
110 _aEditorial Septiembre
_933196
245 _aYes, Yes! canta en ingles con miss Rosi :
_bBaa baa black sheep /
260 _a Lima :
_bEditorial Septiembre,
_c2011.
300 _a9 paginas ;
_bIlustraciones,
_c21 cm.
_e2019-04-24
942 _2ddc
_cLIBROS
945 _arjall
_d2019-04-24